Classroom testing : administration, scoring, and score interpretation /

Bibliographic Details
Main Author: Hopkins, Charles D.
Other Authors: Antes, Richard L.
Format: Book
Language:English
Published: Itasca, Ill. : F. E. Peacock, [1979]
Subjects:

MARC

Tag First Indicator Second Indicator Subfields
LEADER 00000cam a2200000 i 4500
001 in00000099501
005 20150926125621.0
008 800110s1979 ilua b 00110 eng
010 |a  78071815  
020 |a 0875812449 
035 |a (OCoLC)05140777 
035 |9 AAL3922AM 
040 |a DLC  |c DLC  |d TXA  |d UtOrBLW 
049 |a TXAM  |c [1159480] 
050 0 0 |a LB3051  |b .H7 
082 0 |a 371.2/71 
100 1 |a Hopkins, Charles D. 
245 1 0 |a Classroom testing :  |b administration, scoring, and score interpretation /  |c Charles D. Hopkins, Richard L. Antes. 
264 1 |a Itasca, Ill. :  |b F. E. Peacock,  |c [1979] 
264 4 |c ©1979 
300 |a x, 158 pages :  |b illustrations ;  |c 23 cm. 
336 |a text  |b txt  |2 rdacontent 
337 |a unmediated  |b n  |2 rdamedia 
338 |a volume  |b nc  |2 rdacarrier 
500 |a Includes index. 
504 |a Bibliography: pages 153-154. 
650 0 |a Examinations. 
650 0 |a Examinations  |x Interpretation. 
700 1 |a Antes, Richard L. 
999 |a MARS 
999 f f |s 9436115b-adfd-31db-a474-e87645f9d890  |i 5b98a0e4-f80c-3003-bbb5-539bf828aaa0  |t 0 
952 f f |p normal  |a Texas A&M University  |b College Station  |c Sterling C. Evans Library  |d Evans: Library Stacks  |t 0  |e LB3051 .H7  |h Library of Congress classification  |i unmediated -- volume  |m A14803301583 
998 f f |a LB3051 .H7  |t 0  |l Evans: Library Stacks